Resuelve el País Secreto - Estadísticas

Estadísticas generales
  • Esta prueba ha sido intentada 14.423 veces
  • La puntuación promedio es 14 de 27
Estadísticas de respuestas
Anagrama País % Correcto
ABCU Cuba
99%
CEHIL Chile
97%
AIIRS Siria
97%
ANRUU Nauru
79%
AAMOS Samoa
77%
AAILMOS Somalia
77%
AAACIJM Jamaica
68%
ADHNORSU Honduras
67%
AEIMNTV Vietnam
62%
BEINRU Brunéi
55%
AAGLNO Angola
53%
AAABILN Albania
51%
AABNOSTU Botsuana
49%
AAADGNR Granada
44%
ABEIRS Serbia
42%
ABBEIMUZ Zimbabue
41%
AAEGINNRT Argentina
39%
AAGNUY Guyana
39%
AACCIOR Croacia
33%
AABIIMN Namibia
32%
AANTUUV Vanuatu
31%
ABIIIKRT Kiribati
28%
EEGMNNOORT Montenegro
24%
ABEIMMOQUZ Mozambique
24%
AEILRS Israel
23%
País Secreto BARBADOS
22%
CEEEHIILNNSTT Liechtenstein
20%
No se encontraron pruebas coincidentes
Distribución de puntuación
Porcentaje de gente con cada puntuación
Porcentaje por número respondido
Historial de tus puntuaciones
No has intentado esta prueba.